000
00221nam a22000977a 4500
040
_a
0
082
_a
005.1,MIN
100
_a
Minnick, Chris
_9
118618
245
_a
Writing Computer Code /
_c
Chris Minnick,
942
_2
ddc
_c
BK
999
_c
606799
_d
606799